000 00416nam a2200157Ia 4500
008 221030s9999 xx 000 0 und d
020 _a007060228X
041 _aEnglish
082 _a105.23
_bSpi
100 _aM. R. Spiegel
245 0 _aVector Analysis & An Introduction To Tensor Analysis
_cby M. R. Spiegel
260 _bMc Graw-Hill Pub.
_aNew Delhi
_c2000
300 _a225
650 _aPhysics
942 _cBK
999 _c6745
_d6745